000
00293nam a2200121Ia 4500
008
190216s9999||||xx |||||||||||||| ||und||
100
_a
Mahaswari P & Manohar Lala
245
0
_a
Jeevasastram
260
_b
Kerala Bhasha Institute
_c
1974
300
_a
257p
650
_a
Botany
942
_c
BK
999
_c
39590
_d
39590